Les 15 nations ayant participé 10 fois à la Coupe du Monde de football - Statistiques

Statistiques générales
  • Ce quiz a été pris 2 004 fois
  • Le résultat moyen est 12 sur 15
Statistiques - réponses
Participations Nation % Correct
22 Brésil
100%
16 France
100%
20 Allemagne
98%
18 Argentine
97%
16 Espagne
96%
18 Italie
96%
16 Angleterre
92%
14 Uruguay
89%
11 Pays-Bas
78%
14 Belgique
76%
11 Etats-Unis
75%
17 Mexique
75%
12 Suisse
65%
12 Suède
63%
11 Corée du Sud
38%
Aucun quiz correspondant
Distribution des résultats
% des personnes avec chaque résultat
Percentile par nombre de réponses
Votre historique - résultats
Vous n’avez pas pris ce quiz